La fragilidad del estado, el estatus de refugiado y la migración de supervivencia /
A modo de introducción, se hace un acercamiento al concepto de fragilidad y como este se ha interpretado a darle al Estado la característica de “frágil”. Posterior a esto, se comienza a exponer cuales son los elementos para entender diversos factores de desplazamientos que se ven vinculados a este a...
Salvato in:
| Autore principale: | |
|---|---|
| Natura: | testo |
| Lingua: | Spanish |
| Soggetti: | |
| Tags: |
Aggiungi Tag
Nessun Tag, puoi essere il primo ad aggiungerne!!
|
MARC
| LEADER | 00000 a a2200000 04500 | ||
|---|---|---|---|
| 001 | 48448 | ||
| 003 | cru IIS | ||
| 005 | 20220312220243.0 | ||
| 008 | 220312b |||||||| |||| 00| 0 spa d | ||
| 040 | |c CRAI | ||
| 100 | |a Betts, Alexander | ||
| 245 | |a La fragilidad del estado, el estatus de refugiado y la migración de supervivencia / |c Alexander Betts | ||
| 520 | |a A modo de introducción, se hace un acercamiento al concepto de fragilidad y como este se ha interpretado a darle al Estado la característica de “frágil”. Posterior a esto, se comienza a exponer cuales son los elementos para entender diversos factores de desplazamientos que se ven vinculados a este adjetivo de “frágil”. Posterior al contexto de Guerra Fría, los parámetros para comprender si un Estado es frágil o no han cambiado. Este hecho trae consigo que los números de movilizaciones crezcan por la privación de los derechos fundamentales y no por persecución como en el pasado. Aunque se planteaba que el régimen de persona refugiada iba a evolucionar, no hay gran precisión o claridad de las labores que el Estado debe realizar para brindar los instrumentos necesarios. El hecho de no contar con buenas estrategias para afrontar los atropellos a los derechos y la protección poco efectiva llevan a las personas desplazas a seguir dentro de una dinámica de movilización y se complica debido a que muchas de estas personas no encajan en las categorías que se establecieron en 1951 para este tipo de casos; por lo que hay gran cantidad de lagunas en temas de protección.RAR 07/01/22 | ||
| 650 | 0 | |2 OCDE |9 65 |a MOVILIDAD SOCIAL | |
| 650 | 0 | |2 OCDE |9 5467 |a DESASTRES | |
| 650 | 0 | |2 OCDE |9 3844 |a MIGRACION FORZADA | |
| 650 | 0 | |2 OCDE |9 243 |a ESTADO | |
| 773 | |a número43, (2013), páginas 4-6 : foto | ||
| 942 | |2 ddc |c PP | ||
| 999 | |c 24812 |d 24812 | ||
